|
|
|
|
| LEADER |
00000cam a2200000 c 4500 |
| 001 |
248512374 |
| 003 |
DE-627 |
| 005 |
20260206203417.0 |
| 007 |
tu |
| 008 |
980907s1998 gw ||||| 00| ||ger c |
| 015 |
|
|
|a 98,N38,0151
|2 dnb
|
| 015 |
|
|
|a 98,A50,0397
|2 dnb
|
| 016 |
7 |
|
|a 954419219
|2 DE-101
|
| 020 |
|
|
|a 3531132989
|c : DM 68.00 (kart.)
|9 3-531-13298-9
|
| 035 |
|
|
|a (DE-627)248512374
|
| 035 |
|
|
|a (DE-603)059719052
|
| 035 |
|
|
|a (DE-576)068769466
|
| 035 |
|
|
|a (DE-599)DNB954419219
|
| 035 |
|
|
|a (OCoLC)231774182
|
| 035 |
|
|
|a (OCoLC)231774182
|
| 040 |
|
|
|a DE-627
|b ger
|c DE-627
|e rakwb
|
| 041 |
|
|
|a ger
|
| 044 |
|
|
|c XA-DE
|
| 084 |
|
|
|a 14
|2 sdnb
|
| 084 |
|
|
|a 1
|2 ssgn
|
| 084 |
|
|
|a MS 6470
|2 rvk
|0 (DE-625)rvk/123756:
|
| 084 |
|
|
|a DS 6500
|2 rvk
|0 (DE-625)rvk/19951:
|
| 084 |
|
|
|a MS 6500
|2 rvk
|0 (DE-625)rvk/123757:
|
| 084 |
|
|
|a 79.12
|2 bkl
|
| 084 |
|
|
|a 71.81
|2 bkl
|
| 090 |
|
|
|a a
|
| 245 |
0 |
0 |
|a Überholen ohne einzuholen
|b freie Wohlfahrtspflege in Ostdeutschland
|c Susanne Angerhausen ...
|
| 264 |
|
1 |
|a Opladen [u.a.]
|b Westdt. Verl.
|c 1998
|
| 300 |
|
|
|a 333 S
|b graph. Darst
|c 23 cm
|
| 336 |
|
|
|a Text
|b txt
|2 rdacontent
|
| 337 |
|
|
|a ohne Hilfsmittel zu benutzen
|b n
|2 rdamedia
|
| 338 |
|
|
|a Band
|b nc
|2 rdacarrier
|
| 500 |
|
|
|a Literaturverz. S. 311 - 323
|
| 583 |
1 |
|
|a Archivierung/Langzeitarchivierung gewährleistet
|f SLG
|x XA-DE-NI
|z Bücherarchiv der GWV-Verlage
|2 pdager
|5 DE-84
|
| 689 |
0 |
0 |
|d g
|0 (DE-588)4252579-2
|0 (DE-627)104387394
|0 (DE-576)21052412X
|a Deutschland
|g Östliche Länder
|2 gnd
|
| 689 |
0 |
1 |
|d s
|0 (DE-588)4155290-8
|0 (DE-627)105516910
|0 (DE-576)209817771
|a Freie Wohlfahrtspflege
|2 gnd
|
| 689 |
0 |
|
|5 DE-101
|
| 700 |
1 |
|
|a Angerhausen, Susanne
|0 (DE-588)171308352
|0 (DE-627)061496006
|0 (DE-576)132111780
|4 oth
|
| 856 |
4 |
2 |
|u http://www.gbv.de/dms/hbz/toc/ht009123698.pdf
|m V:DE-605
|q pdf/application
|v 2008-11-15
|x Verlag
|y Inhaltsverzeichnis
|3 Inhaltsverzeichnis
|7 1
|
| 856 |
4 |
2 |
|u http://scans.hebis.de/HEBCGI/show.pl?05971905_toc.pdf
|m V:DE-605
|q application/pdf
|3 Inhaltsverzeichnis
|7 1
|
| 935 |
|
|
|i sf
|
| 935 |
|
|
|i Blocktest
|
| 935 |
|
|
|h HEB
|i 0501
|
| 935 |
|
|
|h HEB
|i 0503
|
| 936 |
r |
v |
|a MS 6470
|b Sozialarbeit; Hilfsorganisation, Rehabilitation, Sozialpädagogik, Resozialisierung, Bewährungshilfe
|k Soziologie
|k Spezielle Soziologien
|k Soziale Probleme
|k Sozialarbeit; Hilfsorganisation, Rehabilitation, Sozialpädagogik, Resozialisierung, Bewährungshilfe
|0 (DE-627)1270651951
|0 (DE-625)rvk/123756:
|0 (DE-576)200651951
|
| 936 |
r |
v |
|a DS 6500
|b Sozialpädagogik/Sozialarbeit und Verwaltung
|k Pädagogik
|k Sozialpädagogik, Sozialarbeit
|k Sozialpolitische und sozialadministrative Rahmenbedingungen
|k Sozialpädagogik/Sozialarbeit und Verwaltung
|0 (DE-627)1270784390
|0 (DE-625)rvk/19951:
|0 (DE-576)200784390
|
| 936 |
r |
v |
|a MS 6500
|b Sozialpolitik, Sozialstaat
|k Soziologie
|k Spezielle Soziologien
|k Sozialpolitik, Sozialstaat
|0 (DE-627)1271068826
|0 (DE-625)rvk/123757:
|0 (DE-576)201068826
|
| 936 |
b |
k |
|a 79.12
|j Soziale Dienste
|0 (DE-627)106412906
|
| 936 |
b |
k |
|a 71.81
|j Sozialhilfe
|0 (DE-627)106412175
|
| 936 |
s |
n |
|a d100
|2 mzub
|
| 936 |
s |
n |
|a m200
|2 mzub
|
| 951 |
|
|
|a BO
|
| ELC |
|
|
|b 1
|
| LOK |
|
|
|0 000 xxxxxcx a22 zn 4500
|
| LOK |
|
|
|0 001 3269624980
|
| LOK |
|
|
|0 003 DE-627
|
| LOK |
|
|
|0 004 248512374
|
| LOK |
|
|
|0 005 20151116135020
|
| LOK |
|
|
|0 008 150728||||||||||||||||ger|||||||
|
| LOK |
|
|
|0 040
|a DE-21-110
|c DE-627
|d DE-21-110
|
| LOK |
|
|
|0 689
|a s
|a Soziale Dienste
|
| LOK |
|
|
|0 689
|a s
|a DDR
|
| LOK |
|
|
|0 852
|z Kein Bestand am IfK; Nachweis für KrimDok
|
| LOK |
|
|
|0 852
|a DE-21-110
|
| LOK |
|
|
|0 852 1
|9 00
|
| LOK |
|
|
|0 935
|a k110
|
| LOK |
|
|
|0 939
|a 28-07-15
|b l01
|
| ORI |
|
|
|a SA-MARC-krimdoka001.raw
|